000
00272nam a2200109Ia 4500
008
230907s9999||||xx |||||||||||||| ||und||
082
_a
621.3192
_b
FLO
245
0
_a
Principles of electric circuits :
260
_a
Pearson,
_b
Noida :
_c
2019
300
_a
974 p.
942
_c
BK
999
_c
600615
_d
600615